书目信息 |
| 题名: |
如何防治颈椎病
|
|
| 作者: | 赵定麟 著 | |
| 分册: | ||
| 出版信息: | 上海 上海科学技术文献出版社 2003 |
|
| 页数: | 109页 | |
| 开本: | 19cm | |
| 丛书名: | ||
| 单 册: | ||
| 中图分类: | R681.5 | |
| 科图分类: | ||
| 主题词: | 颈椎 , 脊椎病 , 颈椎--脊椎病--防治 | |
| 电子资源: | ||
| ISBN: | 7-5439-2142-1 | |
| 000 | 00813nam0 2200265 450 | |
| 001 | 010000004240 | |
| 005 | 20060104161512.98 | |
| 010 | @a7-5439-2142-1@dCNY10.00 | |
| 092 | @aCN | |
| 100 | @a20050624d2003 ekmy0chiy0120 ea | |
| 101 | 0 | @achi |
| 102 | @aCN@b310000 | |
| 105 | @aa z 000yy | |
| 200 | 1 | @a如何防治颈椎病@9ru he fang zhi jing zhui bing@f赵定麟著@Fzhao ding lin zhu |
| 210 | @a上海@c上海科学技术文献出版社@d2003 | |
| 215 | @a109页@c图@d19cm | |
| 330 | @a本书详细地讲述了颈椎病的分型,颈椎的正常解剖与生理功能,颈椎病发病原因,患者的一般检查、自我测试及病情判断等方面内容。 | |
| 606 | 0 | @a颈椎 |
| 606 | 0 | @a脊椎病 |
| 606 | 0 | @a颈椎@x脊椎病@x防治 |
| 690 | @aR681.5@v4 | |
| 701 | 0 | @a赵定麟@Azhao ding lin@4著 |
| 801 | 0 | @aCN@bNLC@c20060104 |
| 905 | @a10447@dR681.5@e25 | |
| 999 | @aWJ | |
| 如何防治颈椎病/赵定麟著.-上海:上海科学技术文献出版社,2003 |
| 109页:图;19cm |
| ISBN 7-5439-2142-1:CNY10.00 |
| 本书详细地讲述了颈椎病的分型,颈椎的正常解剖与生理功能,颈椎病发病原因,患者的一般检查、自我测试及病情判断等方面内容。 |
| ● |
| 相关链接 |
|
|
|
|
正题名:如何防治颈椎病
索取号:R681.5/25
 
预约/预借
| 序号 | 登录号 | 条形码 | 馆藏地/架位号 | 状态 | 备注 |
| 1 | 0373603 | 203736038 | 第二样本阅览室/ [索取号:R681.5/25] | 在馆 | |
| 2 | 0373604 | 203736047 | 第三借阅区/ [索取号:R681.5/25] | 在馆 | |
| 3 | 0373605 | 203736056 | 第三借阅区/ [索取号:R681.5/25] | 在馆 | |
| 4 | 0373606 | 203736065 | 第三借阅区/ [索取号:R681.5/25] | 在馆 | |
| 5 | 0373607 | 203736074 | 第三借阅区/ [索取号:R681.5/25] | 在馆 |